000 00830nam0a22002531 4500
001 rc\399435
005 20250621072326.0
010 _a5-247-00463-9
_912200
035 _a(NLR Aleph) 005648358
090 _a6744025
_c6744025
100 _a20030616d1989 |||y0rusy50 ca
101 0 _arus
102 _aRU
105 _aa |||||||||
200 1 _aАвтомобильные газонаполнительные станции
_eСправ. пособие для рабочих
_f[Ю.С. Гайстер и др.]
210 _aМ.
_cНедра
_d1989
215 _a128 с.
_cил.
_d22
320 _aБиблиогр.: с. 127 (11 назв.)
702 1 _aГайстер
_bЮ.С.
_gЮрий Самуилович
_4220
801 0 _aRU
_bNLR
_gpsbo
801 1 _aRU
_bELAR
_2rusmarc
852 _aNLR
_j89-5/3207
942 _cBOOK
980 _aNB